[Event "Azores op 4th"]
[Site "Ponta Delgada"]
[Date "2017.12.10"]
[Round "7"]
[White "Maltez, Nuno Manuel Fidalgo"]
[Black "Campora, Daniel Hugo"]
[Result "1/2-1/2"]
[WhiteElo "1950"]
[BlackElo "2417"]
[PlyCount "30"]
[EventDate "2017.12.07"]
[EventType "swiss"]
[EventRounds "7"]
[EventCountry "POR"]
[SourceTitle "CBM 182 Extra"]
[Source "ChessBase"]
[SourceDate "2018.02.23"]
[SourceVersion "1"]
[SourceVersionDate "2018.02.23"]
[SourceQuality "1"]

1. d4 Nf6 2. c4 e6 3. Nc3 Bb4 4. Qc2 d5 5. cxd5 exd5 6. Nf3 0-0 7. Bg5 Nbd7 8. e3 c6 9. Bd3 Qa5 10. 0-0 Re8 11. Rfc1 Bxc3 12. bxc3 Ne4 13. Bf4 Ndf6 14. c4 dxc4 15. Bxc4 Bf5 1/2-1/2

[Event "Azores op 4th"]
[Site "Ponta Delgada"]
[Date "2017.12.07"]
[Round "1"]
[White "Bettani, Domenico Francesco"]
[Black "Maltez, Nuno Manuel Fidalgo"]
[Result "0-1"]
[WhiteElo "1240"]
[BlackElo "1950"]
[PlyCount "110"]
[EventDate "2017.12.07"]
[EventType "swiss"]
[EventRounds "7"]
[EventCountry "POR"]
[SourceTitle "CBM 182 Extra"]
[Source "ChessBase"]
[SourceDate "2018.02.23"]
[SourceVersion "1"]
[SourceVersionDate "2018.02.23"]
[SourceQuality "1"]

1. d4 d5 2. g3 Nf6 3. Bg2 g6 4. Nf3 Bg7 5. 0-0 0-0 6. Nc3 Nbd7 7. Re1 c5 8. e3 e6 9. b3 b6 10. e4 dxe4 11. Nxe4 Nxe4 12. Rxe4 Bb7 13. Re2 cxd4 14. Bg5 Qc7 15. Rc1 e5 16. Ne1 Bxg2 17. Kxg2 Rac8 18. Qd2 Rfe8 19. Nd3 Nc5 20. c3 Nxd3 21. Qxd3 dxc3 22. Rec2 e4 23. Qe3 Qd7 24. Rxc3 Rxc3 25. Rxc3 Bxc3 26. Qxc3 Qf5 27. Bh6 Qf3+ 28. Qxf3 exf3+ 29. Kxf3 Rc8 30. b4 Rc2 31. Bf4 Rxa2 32. Bd6 f5 33. h4 Kf7 34. Ke3 Ke6 35. Bf8 Kd5 36. f3 a5 37. bxa5 bxa5 38. Kf4 Ke6 39. Kg5 Kf7 40. Bd6 a4 41. g4 fxg4 42. fxg4 a3 43. Kh6 Kg8 44. h5 gxh5 45. gxh5 Ra1 46. Be5 Rb1 47. Kg5 a2 48. Kh6 a1Q 49. Bxa1 Rxa1 50. Kg5 Kg7 51. h6+ Kf7 52. Kf5 Re1 53. Kg5 Re5+ 54. Kf4 Kf6 55. Kg4 Rf5 0-1

[Event "POR-chT"]
[Site "Porto"]
[Date "2013.08.22"]
[Round "6.5"]
[White "Maltez, Nuno Manuel Fidalgo"]
[Black "Ulyanovskyy, Vladimir Viktorovic"]
[Result "1-0"]
[WhiteElo "1971"]
[BlackElo "2081"]
[PlyCount "111"]
[EventDate "2013.08.18"]
[EventType "team-tourn"]
[EventRounds "9"]
[EventCountry "POR"]
[SourceTitle "CBM 156 Extra"]
[Source "ChessBase"]
[SourceDate "2013.10.22"]
[SourceVersion "1"]
[SourceVersionDate "2013.10.22"]
[SourceQuality "1"]
[WhiteTeam "Coimbra"]
[BlackTeam "Barreirense"]
[WhiteTeamCountry "POR"]
[BlackTeamCountry "POR"]

1. d4 Nf6 2. Nf3 e6 3. Bf4 b6 4. e3 Bb7 5. Nbd2 Be7 6. Bd3 d5 7. Ne5 0-0 8. Qf3 c5 9. c3 Nc6 10. Qh3 g6 11. Ndf3 Nxe5 12. Bxe5 Nd7 13. Bf4 Bf6 14. Qg3 Bg7 15. h4 h5 16. Qh3 cxd4 17. exd4 e5 18. Nxe5 Nxe5 19. Bxe5 Bxe5 20. dxe5 d4 21. 0-0 dxc3 22. bxc3 Qd5 23. Rfe1 Qc5 24. Rac1 Rae8 25. Qg3 Kg7 26. e6 f5 27. Re5 Qa3 28. Rc2 Kh7 29. Qg5 Qe7 30. Bb5 Qxg5 31. hxg5 Re7 32. Rd2 Bc8 33. Bd7 Kg7 34. f4 Rd8 35. Red5 Bb7 36. R5d4 Kf8 37. Rc4 Rxe6 38. Rc7 Be4 39. Rxa7 Bc6 40. Bxe6 Rxd2 41. Rf7+ Ke8 42. Rg7 h4 43. Rh7 Rxg2+ 44. Kf1 Rg4 45. Bf7+ Kf8 46. Bxg6 h3 47. Ke1 Rg1+ 48. Kf2 Rg2+ 49. Ke3 Rg3+ 50. Kd4 Rf3 51. Ke5 Re3+ 52. Kf6 Kg8 53. Bxf5 Rxc3 54. Rc7 Bb7 55. Rxc3 h2 56. Rd3 1-0

[Event "POR-chT"]
[Site "Porto"]
[Date "2013.08.19"]
[Round "3.3"]
[White "Valdes, Maritza"]
[Black "Maltez, Nuno Manuel Fidalgo"]
[Result "1-0"]
[WhiteElo "2081"]
[BlackElo "1971"]
[PlyCount "69"]
[EventDate "2013.08.18"]
[EventType "team-tourn"]
[EventRounds "9"]
[EventCountry "POR"]
[SourceTitle "CBM 156 Extra"]
[Source "ChessBase"]
[SourceDate "2013.10.22"]
[SourceVersion "1"]
[SourceVersionDate "2013.10.22"]
[SourceQuality "1"]
[WhiteTeam "Mata de Benfica"]
[BlackTeam "Coimbra"]
[WhiteTeamCountry "POR"]
[BlackTeamCountry "POR"]

1. e4 e5 2. Bc4 Nc6 3. Nf3 Nf6 4. d3 Bc5 5. 0-0 a6 6. a4 Ba7 7. c3 d6 8. Nbd2 0-0 9. h3 Ne7 10. Re1 Ng6 11. Nf1 h6 12. Ng3 c6 13. Bb3 Nh7 14. d4 Ng5 15. dxe5 Nxf3+ 16. Qxf3 Nxe5 17. Qe2 Be6 18. Bxe6 fxe6 19. Be3 Bxe3 20. Qxe3 Qf6 21. Rad1 Rad8 22. Rf1 Nc4 23. Qe2 d5 24. b3 Nb6 25. Qe3 Nd7 26. f4 Qf7 27. e5 Qe7 28. Kh2 Qc5 29. Qd3 Rf7 30. Rf3 Rdf8 31. Rdf1 Qb6 32. Qg6 c5 33. Nh5 d4 34. Rg3 Nxe5 35. Nf6+ 1-0

[Event "POR-chT"]
[Site "Porto"]
[Date "2013.08.18"]
[Round "2.3"]
[White "Maltez, Nuno Manuel Fidalgo"]
[Black "Silva, Miguel Alexandre Go"]
[Result "1-0"]
[WhiteElo "1971"]
[BlackElo "2111"]
[PlyCount "105"]
[EventDate "2013.08.18"]
[EventType "team-tourn"]
[EventRounds "9"]
[EventCountry "POR"]
[SourceTitle "CBM 156 Extra"]
[Source "ChessBase"]
[SourceDate "2013.10.22"]
[SourceVersion "1"]
[SourceVersionDate "2013.10.22"]
[SourceQuality "1"]
[WhiteTeam "Coimbra"]
[BlackTeam "Diana"]
[WhiteTeamCountry "POR"]
[BlackTeamCountry "POR"]

1. c4 Nf6 2. Nc3 c5 3. g3 Nc6 4. Bg2 g6 5. Nf3 Bg7 6. 0-0 0-0 7. d4 cxd4 8. Nxd4 Nxd4 9. Qxd4 d6 10. Qh4 Qa5 11. Bd2 Qb6 12. b3 Be6 13. Rac1 Rac8 14. Bh6 Bxh6 15. Qxh6 Rfd8 16. e3 Bd7 17. Qf4 Bc6 18. Rfd1 Qa5 19. Bxc6 bxc6 20. e4 Kg7 21. h3 h6 22. Qe3 Nd7 23. Rc2 Qc5 24. Qxc5 Nxc5 25. b4 Ne6 26. a4 a6 27. f3 h5 28. Kf2 g5 29. Ke3 Rb8 30. Rb2 Rdc8 31. Rdb1 f6 32. Ne2 Kf7 33. f4 a5 34. f5 Nf8 35. b5 Nd7 36. bxc6 Rxb2 37. cxd7 Rxe2+ 38. Kxe2 Rd8 39. Rb7 e6 40. Kd3 Ke7 41. fxe6 Kxe6 42. Kd4 h4 43. g4 Ra8 44. c5 dxc5+ 45. Kxc5 Ke7 46. Kc6 Kd8 47. Kb6 Ke7 48. Rc7 Rb8+ 49. Rb7 Ra8 50. Kc7 Rd8 51. Kc6 Ra8 52. Rc7 Ra6+ 53. Kb7 1-0

[Event "POR-CupT 1/8-1/4 final 35th"]
[Site "Torres Vedras"]
[Date "2013.04.20"]
[Round "1.2"]
[White "Ribeiro, Hugo Eduardo Santos"]
[Black "Maltez, Nuno Manuel Fidalgo"]
[Result "1/2-1/2"]
[WhiteElo "1900"]
[BlackElo "1999"]
[PlyCount "81"]
[EventDate "2013.04.20"]
[EventType "team-k.o."]
[EventRounds "2"]
[EventCountry "POR"]
[SourceTitle "EXT 2015"]
[Source "ChessBase"]
[SourceDate "2014.11.20"]
[SourceVersion "1"]
[SourceVersionDate "2014.11.20"]
[SourceQuality "1"]
[WhiteTeam "Torres Novas"]
[BlackTeam "Coimbra"]
[WhiteTeamCountry "POR"]
[BlackTeamCountry "POR"]

1. d4 d5 2. Nf3 Nf6 3. c4 c6 4. Nc3 e6 5. e3 Nbd7 6. Bd3 dxc4 7. Bxc4 b5 8. Bd3 Bb7 9. 0-0 a6 10. a3 c5 11. dxc5 Nxc5 12. Be2 Bd6 13. b4 Nce4 14. Nxe4 Bxe4 15. Bb2 Be7 16. Rc1 0-0 17. Bd4 Rc8 18. Qb3 Qd5 19. Qb2 Rfd8 20. Rfd1 Qb7 21. Ne1 Rxc1 22. Rxc1 Rc8 23. Rxc8+ Qxc8 24. f3 Bb7 25. e4 Qc6 26. Nd3 Ne8 27. Nc5 Bc8 28. Qc3 f6 29. Bd1 Nc7 30. Bb3 Kh8 31. Ba2 Bxc5 32. Qxc5 Qxc5 33. Bxc5 e5 34. Kf2 Be6 35. Bxe6 Nxe6 36. Ke3 Kg8 37. Ba7 Kf7 38. g3 Nd8 39. Kd3 Ke6 40. Be3 Nb7 41. Kc3 1/2-1/2

[Event "IECC Swiss-551.3"]
[Site "IECC email"]
[Date "2011.05.16"]
[Round "?"]
[White "Cave, John S"]
[Black "Maltez, Nuno Manuel Fidalgo"]
[Result "0-1"]
[WhiteElo "1536"]
[BlackElo "1575"]
[PlyCount "42"]
[EventDate "2011.??.??"]
[EventType "swiss (corr)"]
[EventRounds "1"]
[SourceTitle "Telechess CBM 145"]
[Source "Chessbase"]
[SourceDate "2011.11.11"]
[SourceVersion "1"]
[SourceVersionDate "2011.11.11"]
[SourceQuality "1"]
[WhiteTeam "US of America"]
[BlackTeam "Portugal"]
[WhiteTeamCountry "USA"]
[BlackTeamCountry "POR"]

1. d4 d5 2. c4 e6 3. Nc3 Nf6 4. Bg5 Nbd7 5. Nf3 c6 6. e3 Qa5 7. Bxf6 Nxf6 8. a3 Ne4 9. Rc1 Bd6 10. Qc2 f5 11. Be2 Qd8 12. c5 Bc7 13. b4 0-0 14. Nd2 e5 15. Ndxe4 fxe4 16. h3 exd4 17. exd4 Qf6 18. 0-0 Qxd4 19. Bd1 e3 20. Ne2 exf2+ 21. Kh1 Qe5 0-1

[Event "POR-chT 52nd"]
[Site "Vila Nova de Gaia"]
[Date "2010.07.31"]
[Round "8.2"]
[White "Jeremias, Bianca"]
[Black "Maltez, Nuno Manuel Fidalgo"]
[Result "0-1"]
[WhiteElo "1951"]
[BlackElo "2024"]
[PlyCount "97"]
[EventDate "2010.07.24"]
[EventType "team-tourn"]
[EventRounds "9"]
[EventCountry "POR"]
[SourceTitle "EXT 2011"]
[Source "ChessBase"]
[SourceDate "2010.11.26"]
[SourceVersion "1"]
[SourceVersionDate "2010.11.26"]
[SourceQuality "1"]
[WhiteTeam "Albufeira"]
[BlackTeam "Coimbra"]
[WhiteTeamCountry "POR"]
[BlackTeamCountry "POR"]

1. e4 e5 2. Nf3 Nc6 3. Bb5 a6 4. Ba4 Nf6 5. Qe2 b5 6. Bb3 Be7 7. c3 0-0 8. 0-0 d6 9. h3 Na5 10. Bc2 c5 11. d4 Qc7 12. Rd1 Bb7 13. d5 Bc8 14. Nbd2 c4 15. Nf1 Nb7 16. a4 Bd7 17. Ng3 Nc5 18. axb5 axb5 19. Rxa8 Rxa8 20. Be3 Bd8 21. Nh2 Qa7 22. Nf5 Bxf5 23. exf5 Bb6 24. Ng4 Ncd7 25. Nxf6+ Nxf6 26. Bxb6 Qxb6 27. g4 Qc5 28. Qf3 Ra2 29. g5 Ne8 30. Rb1 f6 31. Qh5 Ra8 32. Be4 fxg5 33. Qxg5 Nf6 34. Qg2 Ra2 35. Qf3 b4 36. Kg2 Nxe4 37. Qxe4 bxc3 38. Rc1 Rxb2 39. Qf3 e4 40. Qg3 Qxd5 41. Kg1 Qxf5 42. Rxc3 Qd5 43. Qh4 Rb1+ 44. Kh2 Qe5+ 45. Rg3 Rb8 46. Kg2 c3 47. Re3 d5 48. Re2 h6 49. Kh1 0-1

[Event "POR-chT 52nd"]
[Site "Vila Nova de Gaia"]
[Date "2010.07.30"]
[Round "7.1"]
[White "Maltez, Nuno Manuel Fidalgo"]
[Black "Pena Gomez, Manuel"]
[Result "0-1"]
[WhiteElo "2024"]
[BlackElo "2430"]
[PlyCount "108"]
[EventDate "2010.07.24"]
[EventType "team-tourn"]
[EventRounds "9"]
[EventCountry "POR"]
[SourceTitle "EXT 2011"]
[Source "ChessBase"]
[SourceDate "2010.11.26"]
[SourceVersion "1"]
[SourceVersionDate "2010.11.26"]
[SourceQuality "1"]
[WhiteTeam "Coimbra"]
[BlackTeam "Gaia"]
[WhiteTeamCountry "POR"]
[BlackTeamCountry "POR"]

1. e4 c5 2. Nc3 Nc6 3. g3 g6 4. Bg2 Bg7 5. d3 d6 6. Be3 e6 7. Qd2 Rb8 8. Nge2 Nd4 9. Nd1 b6 10. 0-0 Qd7 11. c3 Nxe2+ 12. Qxe2 Ne7 13. f4 0-0 14. Nf2 Ba6 15. Qc2 f5 16. Rfd1 d5 17. exd5 Nxd5 18. Bd2 Rbd8 19. Re1 Nc7 20. Re3 c4 21. d4 Nd5 22. Re2 b5 23. Rae1 Rfe8 24. Nh3 h6 25. Kf1 b4 26. Ng1 Rb8 27. Nf3 Rb6 28. Ne5 Bxe5 29. Rxe5 b3 30. Qb1 bxa2 31. Qxa2 Nb4 32. Qb1 Nd3 33. Bc1 Bb7 34. Qc2 Nxe5 35. Rxe5 Rb5 36. Re3 a5 37. Qe2 Bxg2+ 38. Kxg2 Qc6+ 39. Kg1 a4 40. Qg2 Qxg2+ 41. Kxg2 a3 42. bxa3 Rb1 43. Re1 Reb8 44. Bd2 R1b2 45. Re2 R8b3 46. Kf3 Rxa3 47. Be1 Rxe2 48. Kxe2 Ra2+ 49. Bd2 g5 50. Ke3 g4 51. Ke2 Kf7 52. Kd1 Ke7 53. Ke2 Kd6 54. Ke3 Kd5 0-1

[Event "FICGS W-ch st1 g10 email"]
[Site "FICGS email"]
[Date "2010.07.02"]
[Round "1"]
[White "Cirovic, Zeljko"]
[Black "Maltez, Nuno Manuel Fidalgo"]
[Result "0-1"]
[WhiteElo "1475"]
[BlackElo "2024"]
[PlyCount "32"]
[EventDate "2010.??.??"]
[EventType "tourn (corr)"]
[EventRounds "6"]
[SourceTitle "Corr 2013"]
[Source "ChessBase"]
[SourceDate "2012.11.12"]
[SourceVersion "1"]
[SourceVersionDate "2012.11.12"]
[SourceQuality "1"]

1. e4 e5 2. Nf3 Nc6 3. Bb5 a6 4. Bxc6 dxc6 5. d3 f6 6. c4 Be6 7. Be3 Qd7 8. 0-0 0-0-0 9. Nc3 Qxd3 10. Qxd3 Rxd3 11. Nd2 Bb4 12. Rac1 Bxc3 13. Rxc3 Rxc3 14. b3 Ne7 15. a4 Rd8 16. h3 Rxe3 0-1

[Event "Coimbra op"]
[Site "Coimbra"]
[Date "2010.06.11"]
[Round "3"]
[White "Maltez, Nuno Manuel Fidalgo"]
[Black "Diogo, Vasco Andre Marcalo"]
[Result "1-0"]
[WhiteElo "2024"]
[BlackElo "2303"]
[PlyCount "73"]
[EventDate "2010.06.10"]
[EventType "swiss"]
[EventRounds "6"]
[EventCountry "POR"]
[SourceTitle "CBM 137 Extra"]
[Source "ChessBase"]
[SourceDate "2010.09.01"]
[SourceVersion "1"]
[SourceVersionDate "2010.09.01"]
[SourceQuality "1"]

1. e4 c5 2. Nc3 a6 3. g3 Nc6 4. Bg2 g6 5. d3 Bg7 6. Be3 d6 7. Qd2 Nd4 8. Nd1 e5 9. c3 Ne6 10. Ne2 h5 11. f4 Nh6 12. h3 f5 13. Nf2 h4 14. gxh4 Qxh4 15. 0-0-0 g5 16. exf5 gxf4 17. fxe6 fxe3 18. Qxe3 Nf5 19. Qf3 Rf8 20. Ng4 Rb8 21. Kb1 Bxe6 22. Qe4 Qe7 23. Rhe1 Nh4 24. Bh1 c4 25. Ng3 Rf4 26. Qe2 Qf7 27. d4 b5 28. dxe5 d5 29. Nf6+ Kf8 30. Ngh5 Rf5 31. Bxd5 Bxf6 32. Nxf6 Bxd5 33. Rxd5 Qg6 34. Ka1 Qg2 35. Qe3 Nf3 36. Qc5+ Kg7 37. Qe7+ 1-0

[Event "Helsinki We KapSK"]
[Site "Helsinki"]
[Date "2010.??.??"]
[Round "5"]
[White "Lyly, Seppo"]
[Black "Maltez, Nuno Manuel Fidalgo"]
[Result "1-0"]
[WhiteElo "1991"]
[BlackElo "2035"]
[PlyCount "79"]
[EventDate "2010.??.??"]
[EventType "swiss"]
[EventRounds "5"]
[EventCountry "FIN"]
[SourceTitle "EXT 2022"]
[Source "ChessBase"]
[SourceDate "2021.10.06"]
[SourceVersion "1"]
[SourceVersionDate "2021.10.06"]
[SourceQuality "1"]

1. e4 e5 2. Nf3 Nc6 3. Bb5 a6 4. Ba4 Nf6 5. d3 b5 6. Bb3 Bb7 7. 0-0 Bc5 8. c3 d6 9. a4 b4 10. Nbd2 0-0 11. Nc4 h6 12. Ne3 Na5 13. Ba2 b3 14. Bxb3 Nxb3 15. Qxb3 Rb8 16. Qc2 Re8 17. b4 Ba7 18. c4 c6 19. Bd2 d5 20. exd5 Bxe3 21. fxe3 cxd5 22. c5 Bc6 23. Rfb1 e4 24. Nd4 Qd7 25. Nxc6 Qxc6 26. d4 Rb7 27. Be1 Nh5 28. Qe2 g6 29. b5 axb5 30. axb5 Qf6 31. c6 Rbb8 32. Ba5 Ng7 33. c7 Rb7 34. b6 Qe6 35. Qb5 Nf5 36. Bd2 Nxd4 37. exd4 e3 38. Be1 f5 39. Rc1 Rc8 40. Rc6 1-0

[Event "ZI-2009-0-00603"]
[Site "LSS email"]
[Date "2009.12.14"]
[Round "?"]
[White "Maltez, Nuno Manuel Fidalgo"]
[Black "Urbaniak, Marcin"]
[Result "1-0"]
[WhiteElo "1580"]
[BlackElo "1522"]
[PlyCount "91"]
[EventDate "2009.12.12"]
[EventType "match (corr)"]
[EventRounds "2"]
[EventCountry "GER"]
[SourceTitle "Telechess CBM 141"]
[Source "ChessBase"]
[SourceDate "2011.03.17"]
[SourceVersion "1"]
[SourceVersionDate "2011.03.17"]
[SourceQuality "1"]

1. e4 e6 2. d4 d5 3. Nc3 Bb4 4. e5 c5 5. a3 Bxc3+ 6. bxc3 Ne7 7. Qg4 Qc7 8. Qxg7 Rg8 9. Qxh7 cxd4 10. Ne2 Nbc6 11. f4 Bd7 12. Qd3 dxc3 13. Rb1 d4 14. Rg1 0-0-0 15. g4 Be8 16. Rg3 Na5 17. Bg2 Rh8 18. h3 Bc6 19. Bf1 Bh1 20. Rg1 Bd5 21. Nxd4 Ba2 22. Rb4 a6 23. Rg3 Nac6 24. Qxc3 Nxb4 25. axb4 Qxc3+ 26. Rxc3+ Kb8 27. Nf3 Nd5 28. Rc5 Nxb4 29. Ng5 Rc8 30. Rxc8+ Rxc8 31. Nxf7 Nxc2+ 32. Kf2 Nd4 33. Bd2 a5 34. Bd3 a4 35. Nd6 Rh8 36. Kg3 Bb3 37. Bb4 Bd1 38. f5 exf5 39. gxf5 Bc2 40. Bxc2 Nxc2 41. Bc3 Kc7 42. Ne4 a3 43. e6 Rg8+ 44. Kf4 a2 45. f6 Nb4 46. f7 1-0

[Event "Lisbon Honra"]
[Site "Lisbon"]
[Date "2009.06.23"]
[Round "4"]
[White "Maltez, Nuno Manuel Fidalgo"]
[Black "Santos, Micael Costa"]
[Result "1-0"]
[WhiteElo "2020"]
[BlackElo "2006"]
[PlyCount "101"]
[EventDate "2009.06.20"]
[EventType "tourn"]
[EventRounds "9"]
[EventCountry "POR"]
[SourceTitle "EXT 2018"]
[Source "ChessBase"]
[SourceDate "2017.10.13"]
[SourceVersion "1"]
[SourceVersionDate "2017.10.13"]
[SourceQuality "1"]

1. e4 e5 2. Nc3 d6 3. Bc4 Nf6 4. d3 c6 5. f4 Bg4 6. Nf3 b5 7. Bb3 a5 8. a3 Qb6 9. fxe5 Bxf3 10. Qxf3 dxe5 11. Qg3 Nbd7 12. Be3 Bc5 13. Qxg7 0-0-0 14. Bxc5 Qxc5 15. 0-0-0 Rdf8 16. Qg3 Rhg8 17. Qf3 Rg7 18. Ne2 a4 19. Ba2 Ng4 20. d4 exd4 21. Nxd4 Qg5+ 22. Kb1 Qc5 23. Nf5 Rg6 24. Rd2 Nde5 25. Qe2 Nh6 26. Nd4 Rd8 27. Rhd1 Rgd6 28. c3 R6d7 29. h3 Ng8 30. Nf5 Rxd2 31. Rxd2 Rxd2 32. Qxd2 Nf6 33. Nd6+ Kc7 34. Nxf7 Nxe4 35. Qd4 Qxd4 36. cxd4 Nd3 37. Be6 Nf4 38. Bf5 Nf6 39. g4 Nxh3 40. g5 Nxg5 41. Nxg5 h6 42. Nf7 h5 43. Kc2 c5 44. Kd3 c4+ 45. Ke3 Kc6 46. Be6 h4 47. Ng5 Kd6 48. Kd2 Ne4+ 49. Nxe4+ Kxe6 50. Kc3 Kf5 51. Nf2 1-0

[Event "Figueira da Foz op 4th"]
[Site "Figueira da Foz"]
[Date "2007.11.04"]
[Round "9"]
[White "Maltez, Nuno Manuel Fidalgo"]
[Black "Morais, Vitor Mestre"]
[Result "1/2-1/2"]
[WhiteElo "2063"]
[BlackElo "2113"]
[PlyCount "99"]
[EventDate "2007.10.28"]
[EventType "swiss"]
[EventRounds "9"]
[EventCountry "POR"]
[SourceTitle "EXT 2008"]
[Source "ChessBase"]
[SourceDate "2007.11.25"]
[SourceVersion "1"]
[SourceVersionDate "2007.11.25"]
[SourceQuality "1"]

1. e4 c5 2. Nc3 Nc6 3. g3 g6 4. Bg2 Bg7 5. d3 d6 6. Be3 e6 7. Qd2 Nd4 8. Nd1 Ne7 9. c3 Ndc6 10. f4 f5 11. Nf3 Rb8 12. 0-0 b6 13. Qc2 0-0 14. Nf2 h6 15. Rad1 e5 16. d4 fxe4 17. Nxe4 exd4 18. cxd4 Qc7 19. dxc5 dxc5 20. Nd6 Ba6 21. Rfe1 Rbd8 22. Nc4 Nf5 23. Bf2 Bxc4 24. Qxc4+ Kh7 25. b3 Nfd4 26. Nh4 Rfe8 27. Kh1 Nf5 28. Nxf5 gxf5 29. Qc2 Rxe1+ 30. Rxe1 Rf8 31. Qe2 Nd4 32. Qe7 Rf7 33. Qxc7 Rxc7 34. Re8 Kg6 35. h3 Kf7 36. Re1 Re7 37. Bd5+ Kf8 38. Rxe7 Kxe7 39. Kg2 Kd6 40. Bg8 b5 41. g4 a5 42. g5 b4 43. Bxd4 cxd4 44. Bc4 hxg5 45. fxg5 Ke5 46. Kf3 Bf8 47. h4 Be7 48. Bd3 Bd8 49. Kg3 Be7 50. Kf3 1/2-1/2

[Event "IECC Swiss-497.3"]
[Site "IECC email"]
[Date "2006.05.10"]
[Round "?"]
[White "Bladyko, Pawel"]
[Black "Maltez, Nuno Manuel Fidalgo"]
[Result "1/2-1/2"]
[WhiteElo "1697"]
[BlackElo "1536"]
[PlyCount "84"]
[EventDate "2006.??.??"]
[EventType "swiss (corr)"]
[EventRounds "1"]
[SourceTitle "Corr 2008"]
[Source "ChessBase"]
[SourceDate "2008.06.24"]
[SourceVersion "1"]
[SourceVersionDate "2008.06.24"]
[SourceQuality "1"]

1. e4 e5 2. Nf3 Nc6 3. Bb5 f5 4. exf5 e4 5. Qe2 Qe7 6. Bxc6 dxc6 7. Nd4 Qe5 8. Ne6 Bxe6 9. fxe6 Bd6 10. d3 exd3 11. Qxe5 Bxe5 12. cxd3 0-0-0 13. f4 Bf6 14. g4 Rxd3 15. Ke2 Rd6 16. f5 Ne7 17. Nc3 h5 18. Ne4 hxg4 19. Nxd6+ cxd6 20. Bf4 Nxf5 21. Rae1 Bxb2 22. Rhf1 Re8 23. Kd3 d5 24. Bc1 Bxc1 25. Rxf5 Bb2 26. Rf7 Bf6 27. Rb1 Re7 28. Rxe7 Bxe7 29. Rg1 Kc7 30. Rxg4 Bf6 31. Rg1 Kd6 32. Re1 b5 33. Kc2 c5 34. h3 d4 35. Re4 c4 36. h4 d3+ 37. Kd2 Be7 38. h5 Kd5 39. Rg4 Kxe6 40. Rxg7 Bb4+ 41. Ke3 Bc5+ 42. Kd2 Bb4+ 1/2-1/2

[Event "Figueira da Foz op 2nd"]
[Site "Figueira da Foz"]
[Date "2005.10.31"]
[Round "3"]
[White "Pogorelov, Ruslan"]
[Black "Maltez, Nuno Manuel Fidalgo"]
[Result "1-0"]
[WhiteElo "2435"]
[BlackElo "2052"]
[PlyCount "104"]
[EventDate "2005.10.29"]
[EventType "swiss"]
[EventRounds "9"]
[EventCountry "POR"]
[SourceTitle "EXT 2006"]
[Source "ChessBase"]
[SourceDate "2005.11.24"]
[SourceVersion "1"]
[SourceVersionDate "2005.11.24"]
[SourceQuality "1"]

1. d4 f5 2. g3 Nf6 3. Bg2 e6 4. Nf3 d5 5. c4 c6 6. 0-0 Bd6 7. b3 Qc7 8. Bb2 b6 9. Qc1 0-0 10. Ba3 Nbd7 11. Bxd6 Qxd6 12. Qa3 Qxa3 13. Nxa3 Ba6 14. Rac1 Rfc8 15. Rc2 Kf8 16. Rfc1 Ke7 17. e3 Ne4 18. Bf1 Bb7 19. Ne1 c5 20. cxd5 exd5 21. f3 Nd6 22. Nd3 cxd4 23. exd4 Rxc2 24. Rxc2 Kd8 25. Nf4 Nf8 26. Nb5 Nxb5 27. Bxb5 g5 28. Ne2 Ne6 29. Rc3 h6 30. Re3 Ke7 31. Bd3 Kf6 32. f4 Rc8 33. Re5 Ng7 34. Kf2 Bc6 35. Ke3 Bb7 36. Kd2 Rc7 37. Nc3 Rd7 38. b4 a5 39. a3 Rd8 40. Bc2 axb4 41. axb4 Bc6 42. Bd3 gxf4 43. gxf4 Ne6 44. Ke3 Nc7 45. Bc2 Re8 46. Bd3 Rxe5+ 47. dxe5+ Kg6 48. Ne2 Ne6 49. Nd4 Nxd4 50. Kxd4 Bb7 51. Bb5 Kh5 52. e6 Kg6 1-0

[Event "POR-chB"]
[Site "Vila Real"]
[Date "2005.08.06"]
[Round "4"]
[White "Rodrigues, Pedro Filipe Alexan"]
[Black "Maltez, Nuno Manuel Fidalgo"]
[Result "0-1"]
[WhiteElo "1998"]
[BlackElo "2011"]
[PlyCount "68"]
[EventDate "2005.08.03"]
[EventType "swiss"]
[EventRounds "9"]
[EventCountry "POR"]
[SourceTitle "CBM 107 Extra"]
[Source "ChessBase"]
[SourceDate "2005.09.01"]
[SourceVersion "1"]
[SourceVersionDate "2005.09.01"]
[SourceQuality "1"]

1. e4 e5 2. Nf3 Nc6 3. Bb5 a6 4. Ba4 Nf6 5. 0-0 Nxe4 6. d4 b5 7. Bb3 d5 8. dxe5 Be6 9. Nbd2 Nc5 10. c3 Be7 11. Re1 Bg4 12. h3 Bh5 13. Nf1 Nxb3 14. axb3 0-0 15. Ng3 Bg6 16. Bf4 Qd7 17. Qd2 Rfd8 18. Red1 b4 19. Qe2 a5 20. Rd2 Rab8 21. Qd1 h6 22. c4 d4 23. Nxd4 Nxd4 24. Be3 c5 25. Rxa5 Qc7 26. Ra6 Qxe5 27. Bxd4 Rxd4 28. Rxd4 Qxd4 29. Qf3 Rd8 30. Nf5 Bxf5 31. Qxf5 Qxb2 32. Qe4 Bd6 33. f4 Qc1+ 34. Kh2 Bxf4+ 0-1